| 000 | 00580nam a22001817a 4500 | ||
|---|---|---|---|
| 005 | 20251108175441.0 | ||
| 008 | 250721s2016 xx 000 0 ara d | ||
| 082 | 1 | 4 | _aم/133.4/مبس |
| 100 | 1 | _aالمبسلط، ثابت عبد الفتاح صالح | |
| 245 | 1 | 0 | _aالجامع في أحوال المس و السحر و الحسد / |
| 264 | 1 |
_aعمان : _bدار الفرقان للنشر والتوزيع، _c2016. |
|
| 300 | _a4ج. | ||
| 650 | 1 | 7 | _aالسحر |
| 650 | 1 | 7 | _aالسحر و التنجيم |
| 653 | _aالجن | ||
| 942 |
_2ddc _cREF |
||
| 999 |
_c134399 _d134399 |
||